| 000 | 01131nam a2200301 a 4500 | ||
|---|---|---|---|
| 001 | 000024389 | ||
| 003 | DO-SdBNP | ||
| 005 | 20250617094838.0 | ||
| 008 | 110126s1981 mx a r 001 0 spa d | ||
| 020 | _a9682410339 | ||
| 040 |
_aDO-SdBNP _bspa _cBNPHU |
||
| 041 | 1 | 7 |
_aspa _heng _2Código de idiomas MARC |
| 049 | _aBNGR | ||
| 082 |
_a401.9 _bP974a |
||
| 240 | 1 | 0 |
_aPsycholinguistics. _lEspañol |
| 245 | 0 | 0 |
_aPsicolingüistica : _balgunos aspectos acerca de la adquisición del lenguaje / _ceditado por Roger Brown ; traducción de Ernesto de la Peña y Sara Gómez de Ardilla. |
| 260 |
_aMéxico : _bTrillas, _c1981. |
||
| 300 |
_a375 p. : _bil. ; _c24 cm. |
||
| 500 | _aIncluye índice | ||
| 504 | _aIncluye referencias bibliográficas y notas al pie de las páginas. | ||
| 534 |
_pTítulo original en inglés: _tPsycholinguistics. _cNueva York : The Free Press, 1970 |
||
| 650 | 4 |
_aPsicolingüística _927843 |
|
| 650 | 4 |
_aLenguaje de los niños _927861 |
|
| 700 | 1 |
_aBrown, Roger, _eed. _950015 |
|
| 700 | 1 |
_aPeña, Ernesto de la, _etr. _949912 |
|
| 700 | 1 |
_aGómez de Ardilla, Sara, _etr. _950016 |
|
| 942 |
_2ddc _cLBS1 |
||
| 999 |
_c23882 _d23882 |
||